000 01249nam2a22002531 4500
001 v19\rc\2013007
005 20260406151857.0
035 _a(NLR Aleph) 005272925
090 _a6018598
_c6018598
100 _a20080925d1902 |||y0rusy50 ca
101 0 _arus
_aper
102 _aRU
105 _ay z |||a|
200 1 _aРустем и Зораб
_e[Персидская повесть заимствованная из царственной книги Ирана (Шах-Наме)]
210 _d1902
_aБ. м.
461 0 _1001v19\rc\2012998
_12001#$aИллюстрированная библиотека сочинений В.А. Жуковского$e№ 1$v№ 11
_96018538
_aЖуковский, В. А. (поэт ; 1783-1852)
_cМосква
_d1902-1914
_nМ.В. Клюкин
_o№ 1
_tИллюстрированная библиотека сочинений В.А. Жуковского
_v№ 11
700 1 _8rus
_7ca
_aЖуковский
_bВ. А.
_f1783-1852
_cпоэт
_gВасилий Андреевич
_3RU\NLR\AUTH\775529
_9115493
801 2 _aRU
_bNLR
_c20090112
_2rusmarc
801 0 _aRU
_bNLR
_c20080925
_gpsbo
801 1 _aRU
_bProSoft-M
_c20080925
_2rusmarc
852 _aNLR
_j34.1.2.193
852 _aNLR
_j18.333.3.115
942 _cBOOK
980 _aNB